000 00254nam a22001097a 4500
008 170113b xxu||||| |||| 00| 0 eng d
020 _a9780721655376
041 _aeng
080 _a618.2
245 _aCRITICAL CARE NURSING
_cALEXANDER, C
942 _2udc
_cBK
999 _c2879
_d2879